The new genetics / (Record no. 159)

000 -LEADER
fixed length control field 01034cam a2200325 a 4500
001 - CONTROL NUMBER
control field 1528043
003 - CONTROL NUMBER IDENTIFIER
control field OSt
005 - DATE AND TIME OF LATEST TRANSACTION
control field 20210417103016.0
008 - FIXED-LENGTH DATA ELEMENTS--GENERAL INFORMATION
fixed length control field 901019s1991 tnua 000 0 eng
010 ## - LIBRARY OF CONGRESS CONTROL NUMBER
LC control number 90071704
020 ## - INTERNATIONAL STANDARD BOOK NUMBER
International Standard Book Number 0962474576 :
Terms of availability $21.95
040 ## - CATALOGING SOURCE
Original cataloging agency eng
Transcribing agency DLC
041 ## - LANGUAGE CODE
Language code of text/sound track or separate title eng
050 00 - LIBRARY OF CONGRESS CALL NUMBER
Classification number QH431
Item number .J296 1991
080 ## - UNIVERSAL DECIMAL CLASSIFICATION NUMBER
Universal Decimal Classification number 575
Item number J-25
082 00 - DEWEY DECIMAL CLASSIFICATION NUMBER
Classification number 573.2/1
Edition number 20
100 1# - MAIN ENTRY--PERSONAL NAME
Personal name Jaroff, Leon.
245 14 - TITLE STATEMENT
Title The new genetics /
Statement of responsibility, etc. Leon Jaroff.
260 ## - PUBLICATION, DISTRIBUTION, ETC.
Place of publication, distribution, etc. Knoxville, Tenn. :
Name of publisher, distributor, etc. Whittle Direct Books,
Date of publication, distribution, etc. c1991.
300 ## - PHYSICAL DESCRIPTION
Extent 73 p. :index 42 p.
Other physical details ill. (some col.) ;
Dimensions 26 cm.
490 1# - SERIES STATEMENT
Series statement The Grand Rounds Press,
International Standard Serial Number 1053-6620
610 20 - SUBJECT ADDED ENTRY--CORPORATE NAME
Corporate name or jurisdiction name as entry element Human Genome Project.
650 #0 - SUBJECT ADDED ENTRY--TOPICAL TERM
Topical term or geographic name entry element Human genetics.
650 #0 - SUBJECT ADDED ENTRY--TOPICAL TERM
Topical term or geographic name entry element Medical genetics.
653 ## - INDEX TERM--UNCONTROLLED
Uncontrolled term გენეტიკა
830 #0 - SERIES ADDED ENTRY--UNIFORM TITLE
Uniform title Grand Rounds Press (Series)
906 ## - LOCAL DATA ELEMENT F, LDF (RLIN)
a 7
b cbc
c orignew
d 2
e opcn
f 19
g y-gencatlg
942 ## - ADDED ENTRY ELEMENTS (KOHA)
Source of classification or shelving scheme
Koha item type Books
Holdings
Withdrawn status Lost status Source of classification or shelving scheme Damaged status Not for loan Permanent location Current location Date acquired Inventory number Full call number Barcode Date last seen Price effective from Koha item type
          Ken Walker International University Ken Walker International University 11/11/2020 335 575 J-25 335 11/11/2020 11/11/2020 Books

Powered by Koha